A dream for one world / (Record no. 154392)

MARC details
000 -LEADER
fixed length control field 00551nam a22002057a 4500
005 - DATE AND TIME OF LATEST TRANSACTION
control field 20180719124529.0
010 ## - LCCN (DPL NO)
LC control number ENG-123557
020 ## - INTERNATIONAL STANDARD BOOK NUMBER
International Standard Book Number 8187891971
Terms of availability 200.00
035 ## - SYSTEM CONTROL NUMBER
System control number EN-107089
037 ## - SOURCE OF ACQUISITION
Source of stock number/acquisition DBAD/PUB
082 ## - DEWEY DECIMAL CLASSIFICATION NUMBER
Classification number 881
100 ## - MAIN ENTRY--PERSONAL NAME
Personal name Bera, Sudhir
245 ## - TITLE STATEMENT
Title A dream for one world /
Statement of responsibility, etc by Sudhir Bera
250 ## - EDITION STATEMENT
Edition statement 3rd edn.
260 ## - PUBLICATION, DISTRIBUTION, ETC. (IMPRINT)
Place of publication, distribution, etc Kolkata
Name of publisher, distributor, etc Reader Service
Date of publication, distribution, etc 2016
270 ## - ADDRESS
Address 59/5A, Garfa Main Road,
City Kolkata
Postal code 700075
300 ## - PHYSICAL DESCRIPTION
Extent various paging
Dimensions 21cm(pbk)
700 ## - ADDED ENTRY--PERSONAL NAME
9 (RLIN) 43140
942 ## - ADDED ENTRY ELEMENTS (KOHA)
Source of classification or shelving scheme Dewey Decimal Classification
Item type English Books
Classification part 881
Call number suffix BER
Holdings
Withdrawn status Lost status Not for loan Collection code Home library Current library Date acquired Source of acquisition Cost, normal purchase price Full call number Barcode Copy number Cost, replacement price Koha item type
    Not For Loan Non-fiction D.B.Act.Division Bawana 19/07/2018 DBAD/PUB 200.00 881 BER EN-107089 1 200.00 English Books

© Delhi Public Library
Hit Counter
free hit counter